000 00563nam a22001815i 4500
001 54464
003 ES-MaACL
005 20250704063110.0
007 t|
008 960724s1898 fr ||||1| fre d
040 _aCAM
_bspa
_cCAM
100 1 _aFouillée, Alfred,
_d1838-1912
_951939
245 1 4 _aLes études classiques et la démocratie /
_cAlfred Fouillée.
260 _aParis :
_bArmand Colin et Cie.,
_c1898 (
_fimprimerie Lahure)
300 _aVII, [1] en bl., 250, [1] p. ;
_c19 cm.
852 _aES-MaACL
_jF-10557
999 _c54464
_d54464